|
|
|
|
| LEADER |
00000nam0a2200000 4500 |
| 001 |
264251 |
| 005 |
20231101233820.0 |
| 035 |
|
|
|a (RuTPU)RU\TPU\book\287242
|
| 090 |
|
|
|a 264251
|
| 100 |
|
|
|a 20140618d1988 k y0rusy50 ca
|
| 101 |
0 |
|
|a rus
|
| 102 |
|
|
|a RU
|
| 105 |
|
|
|a y z 001zy
|
| 200 |
1 |
|
|a Сквозь барьеры протекционизма
|e лицензии в международном технологическом обмене
|f В. И. Мухопад
|
| 210 |
|
|
|a Москва
|c Мысль
|d 1988
|
| 215 |
|
|
|a 142 с.
|
| 320 |
|
|
|a Библиогр.: с. 141-142.
|
| 606 |
1 |
|
|a Лицензии патентные
|x Торговля мировая
|2 stltpush
|3 (RuTPU)RU\TPU\subj\40527
|9 60373
|
| 610 |
1 |
|
|a протекционизм
|
| 610 |
1 |
|
|a международный обмен
|
| 610 |
1 |
|
|a технологический обмен
|
| 610 |
1 |
|
|a лицензирование
|
| 610 |
1 |
|
|a прогнозирование
|
| 610 |
1 |
|
|a капиталистические страны
|
| 686 |
|
|
|a У88
|v LBC/SL-A
|2 rubbk
|
| 700 |
|
1 |
|a Мухопад
|b В. И.
|
| 801 |
|
1 |
|a RU
|b 63413507
|c 20140618
|
| 801 |
|
2 |
|a RU
|b 63413507
|c 20150608
|g RCR
|
| 942 |
|
|
|c BK
|